Vplyv technickej analýzy na výkonnosť obchodovania na devízovom trhu v období finančnej krízy diplomová práca

Saved in:
Bibliographic Details
Main Author: Lobo, Michal
Corporate Author: Podnikovohospodárska fakulta EU so sídlom v Košiciach. Katedra finančného riadenia podniku
Other Authors: Tkáč, Michal, 1958-
Format: Book
Language:Slovak
Published: Košice 2017
Tags: Add Tag
No Tags, Be the first to tag this record!

MARC

LEADER 00000nbm a2200000 4500
001 0235318
005 20171121100941.3
041 0 |a slo 
044 |a SK 
245 1 0 |a Vplyv technickej analýzy na výkonnosť obchodovania na devízovom trhu v období finančnej krízy  |b diplomová práca  |c Michal Lobo ; školiteľ: Michal Tkáč 
264 1 |a Košice  |c 2017 
300 |a 67 s. 
100 1 |a Lobo, Michal 
700 1 |a Tkáč, Michal, 1958- 
710 2 |a Podnikovohospodárska fakulta EU so sídlom v Košiciach. Katedra finančného riadenia podniku